MARC details
| 000 -CABECERA |
| campo de control de longitud fija |
01222cam a2200277 a 4500 |
| 001 - NÚMERO DE CONTROL |
| campo de control |
000001465 |
| 005 - FECHA Y HORA DE LA ÚLTIMA TRANSACCIÓN |
| campo de control |
20200929145604.0 |
| 008 - DATOS DE LONGITUD FIJA--INFORMACIÓN GENERAL |
| campo de control de longitud fija |
951024s1995 vc a bc 001 0 ita d |
| 020 ## - NÚMERO INTERNACIONAL ESTÁNDAR DEL LIBRO |
| Número Internacional Estándar del Libro |
8880160818 |
| 040 ## - FUENTE DE LA CATALOGACIÓN |
| Centro catalogador/agencia de origen |
DO-SdBNP |
| Centro/agencia transcriptor |
NN |
| Centro/agencia modificador |
IU |
| -- |
PPiU |
| -- |
DLC |
| 043 ## - CÓDIGO DE ÁREA GEOGRÁFICA |
| Código de área geográfica |
e-vc--- |
| 082 ## - NÚMERO DE LA CLASIFICACIÓN DECIMAL DEWEY |
| Número de clasificación |
264.02009 |
| Número de documento/Ítem |
B582L |
| 110 2# - ENTRADA PRINCIPAL--NOMBRE DE ENTIDAD CORPORATIVA |
| Nombre de entidad corporativa o nombre de jurisdicción como elemento de entrada |
Biblioteca Apostolica Vaticana. |
| 9 (RLIN) |
4856 |
| 245 10 - MENCIÓN DE TÍTULO |
| Título |
Liturgia in figura : |
| Resto del título |
codici liturgici rinascimentali della Biblioteca Apostolica Vaticana / |
| Mención de responsabilidad, etc. |
a cargo de Giovanni Morello y Silvia Maddalo. |
| 260 ## - PUBLICACIÓN, DISTRIBUCIÓN, ETC. |
| Lugar de publicación, distribución, etc. |
Ciudad del Vaticano : |
| Nombre del editor, distribuidor, etc. |
Biblioteca Apostolica Vaticana ; |
| Lugar de publicación, distribución, etc. |
Roma : |
| Nombre del editor, distribuidor, etc. |
De Luca, |
| Fecha de publicación, distribución, etc. |
1995. |
| 300 ## - DESCRIPCIÓN FÍSICA |
| Extensión |
355 p. : |
| Otras características físicas |
il. ; |
| Dimensiones |
32 cm. |
| 500 ## - NOTA GENERAL |
| Nota general |
At head of title: Ministero per i beni culturali e ambientali, Ufficio centrale per i beni librari e gli istituti culturali; Bibioteca Apostolica Vaticana. |
| 500 ## - NOTA GENERAL |
| Nota general |
Catálogo de exhibición. |
| 504 ## - NOTA DE BIBLIOGRAFÍA, ETC. |
| Nota de bibliografía, etc. |
Incluye referencias bibliográficas (p. 345-354) e índices. |
| 610 20 - PUNTO DE ACCESO ADICIONAL DE MATERIA--NOMBRE DE ENTIDAD CORPORATIVA |
| Nombre de entidad corporativa o nombre de jurisdicción como elemento de entrada |
IGLESIA CATÓLICA |
| Subdivisión general |
LITURGIA |
| 9 (RLIN) |
4857 |
| 650 #4 - PUNTO DE ACCESO ADICIONAL DE MATERIA--TÉRMINO DE MATERIA |
| Término de materia o nombre geográfico como elemento de entrada |
Liturgia |
| 9 (RLIN) |
4858 |
| 700 1# - PUNTO DE ACCESO ADICIONAL--NOMBRE DE PERSONA |
| Nombre de persona |
Morello, Giovanni. |
| 9 (RLIN) |
4859 |
| 700 1# - PUNTO DE ACCESO ADICIONAL--NOMBRE DE PERSONA |
| Nombre de persona |
Maddalo, Silvia. |
| 9 (RLIN) |
4860 |
| 710 1# - PUNTO DE ACCESO ADICIONAL--NOMBRE DE ENTIDAD CORPORATIVA |
| Nombre de entidad corporativa o nombre de jurisdicción como elemento de entrada |
Italia. |
| Unidad subordinada |
Ufficio centrale per i beni librari e gli istituti culturali. |
| 9 (RLIN) |
3586 |
| 910 ## - DATOS DE OPCIÓN DEL USUARIO (OCLC) |
| Datos de opción del usuario |
Catalogación por copia / LC |